| 000 | 02123cam a22003611i 4500 | ||
|---|---|---|---|
| 003 | SA-RiAUC | ||
| 005 | 20241223140335.0 | ||
| 008 | 241220s1992 su f b f000 0 ara c | ||
| 040 |
_aSA-RiKSU _bara _cSA-RiAUC _erda |
||
| 082 | 0 | 4 |
_a228 _qSA-RiAUC |
| 090 |
_a228 _bم خ ل |
||
| 100 | 1 |
_aالمخللاتي، رضوان بن محمد بن سليمان، _dتوفي 1311 هجري _eمؤلف. |
|
| 245 | 1 | 0 |
_aشرح العلامة المخللاتي، المسمى، بالقول الوجيز في فواصل الكتاب العزيز على ناظمة الزهر للإمام الشاطبي / _cشرح العلامة المخللاتي الشيخ رضوان بن محمد سليمان المكنى بأبي عيد المعروف بالمخلاتي ؛ [تحقيق] عبد الرزاق علي إبراهيم موسى. |
| 246 | 3 | _aالقول الوجيز في فواصل الكتاب العزيز | |
| 250 | _aالطبعة الأولى. | ||
| 264 | 1 |
_aالمدينة المنورة : _bوزارة الإعلام، _c1992 |
|
| 264 | 3 |
_aالمدينة المنورة : _bمطابع الرشيد |
|
| 300 |
_a425 صفحة؛ _c24 سم. |
||
| 336 |
_aنص _btxt _2rdacontent _3كتاب |
||
| 337 |
_aبدون وسيط _bn _2rdamedia |
||
| 338 |
_aمجلد _bnc _2rdacarrier |
||
| 500 | _aيشتمل على ملاحق. | ||
| 504 | _aيشتمل على إرجاعات ببليوجرافية. | ||
| 630 | 2 | 7 |
_aالقرآن _xتجويد _2aucut |
| 630 | 2 | 7 |
_aالقرآن _xقراءات _2aucut |
| 700 | 1 |
_aموسى، عبد الرازق علي إبراهيم، _d1934-2008 _eمحقق. |
|
| 700 | 1 | 2 |
_iشرح لـ (عمل) : _aالشاطبي، القاسم بن فيرة بن خلف، _d538-590 هجري |
| 700 | 1 | 2 |
_iتحقيق لـ (عمل) : _aالمخللاتي، رضوان بن محمد بن سليمان، _dتوفي 1311 هجري _tالقول الوجيز في فواصل الكتاب العزيز على ناظمة الزهر. |
| 730 | 2 | 2 | _aالقرآن |
| 856 | 4 | _uhttps://www.almaktabah.com/detail.php?product_code=131898&balise_title_page= | |
| 942 |
_2ddc _cBOOK _n0 |
||
| 949 |
_aSA-JeALM _d241220 _umohamedma123 _n1 |
||
| 999 |
_c3842 _d3842 |
||